000 00350nam a2200145Ia 4500
008 150201s2011 xx 000 0 und d
082 _a614.42
_bH2011N
100 _aN.KUMAR
245 _aHEALTH EDUCATION & COMMUNITY PHARMACY
250 _a1ST
260 _bAITBS
_aDELHI
_c2011
300 _a1-212
650 _aGENERAL DENTISTRY
942 _2ddc
_cBK
999 _c4742
_d4742